00840nam a2200229 a 4500001001300000005001700013008004100030020001800071020001500089035002100104040004800125245011300173260004700286300004500333504004100378650004300419650004200462650003600504700003300540700002900573041000800602ocn80047484720170608111011.01 s2008 ve ad gr 000 0 eng d a9789589854631 a958985463X a(OCoLC)800474847 aCo-BoUCMbspacEdgar PinilladEdgar Pinilla00aTrends in higher education in Latin America and the Caribbeanceditors Ana Lúcia Gazzola & Axel Didriksson aCaracas (Venezuela)bIESALC - UNESCOc2008 a396 páginascilustraciones, gráficas aIncluye referencias bibliográficas04aEducación superiorzAmérica Latina04aEducación superiorzRegión Caribe04aUniversidadeszAmérica Latina1 aGazzola, Ana Lúciaeeditor1 aDidriksson, Axeleeditor aeng